| 000 | 00731nam a22001937a 4500 | ||
|---|---|---|---|
| 003 | 0 | ||
| 005 | 20250826084130.0 | ||
| 008 | 250826b xxu||||| |||| 00| 0 eng d | ||
| 020 | _a978-1-394-26733-0 | ||
| 050 |
_aHD 58.7 _b.O74 2025 |
||
| 245 |
_aOrganisational behaviour : _bcore concepts and applications / _cJack Wood, Retha Wiesner, Rachel R. Morrison, Aharon Factor, and Tui McKeown. |
||
| 250 | _a6th Australasian ed. | ||
| 260 |
_aBrisbane : _bJohn Wiley & Sons Australia, Ltd., _c2025. |
||
| 300 |
_axiii, 506 pages : _bcolored illustrations ; _c28 cm. |
||
| 504 | _aIncludes bibliographical references and index. | ||
| 650 | _aOrganizational behavior. | ||
| 650 |
_aManagement _xPsychological aspects. |
||
| 942 |
_2lcc _cBK |
||
| 999 |
_c367604 _d367604 |
||